00468 a2200133 4500001001000000005001700010008004100027245009100068100003000159700002700189700002500216773007600241999001700317ART_1375020260410161910.0260409a 10aUn estudio sobre la transferencia de tecnología en la industria mexicana del vestido1 aMercado García, Alfonso1 aJuárez Melo, Antonio1 aAristy Melo, Jesús0 tDemografía y economíag- Vol. XIV, Nº42 (abr./jun. 1980)wREV13200 c26751d26751